Catálogo
 En Linea

Lecturas, del espacio íntimo al espacio público : (Registro nro. 33446)

Detalles MARC
000 -CABECERA
campo de control de longitud fija 00687nam a2200181 a 4500
001 - NÚMERO DE CONTROL
campo de control 000033955
005 - FECHA Y HORA DE LA ÚLTIMA TRANSACCIÓN
campo de control 20200930070644.0
008 - DATOS DE LONGITUD FIJA--INFORMACIÓN GENERAL
campo de control de longitud fija 110914s2009 ag 000 0 spa d
020 ## - NÚMERO INTERNACIONAL ESTÁNDAR DEL LIBRO
Número Internacional Estándar del Libro 9789505577910
040 ## - FUENTE DE LA CATALOGACIÓN
Centro catalogador/agencia de origen DO-SdBNP
100 1# - ENTRADA PRINCIPAL--NOMBRE DE PERSONA
Nombre de persona Petit, Mechèle
9 (RLIN) 59417
245 10 - MENCIÓN DE TÍTULO
Título Lecturas, del espacio íntimo al espacio público :
Resto del título espacio para la lectura /
Mención de responsabilidad, etc. Mechèle Petit; traducción de Miguel y Malou Paleo, y Diana Luz Sánchez ; editor Daniel Goldin.
260 ## - PUBLICACIÓN, DISTRIBUCIÓN, ETC.
Lugar de publicación, distribución, etc. Buenos Aires, Argentina :
Nombre del editor, distribuidor, etc. Fondo de Cultura Económica,
Fecha de publicación, distribución, etc. 2009.
300 ## - DESCRIPCIÓN FÍSICA
Extensión 178 p. ;
Dimensiones 22 cm.
700 1# - PUNTO DE ACCESO ADICIONAL--NOMBRE DE PERSONA
Nombre de persona Malou Paleo, Miguel
9 (RLIN) 59418
700 1# - PUNTO DE ACCESO ADICIONAL--NOMBRE DE PERSONA
Nombre de persona Sánchez, Diana Luz
9 (RLIN) 59419
700 1# - PUNTO DE ACCESO ADICIONAL--NOMBRE DE PERSONA
Nombre de persona Godin, Daniel
Término indicativo de función/relación ed.
9 (RLIN) 59420
Existencias
Estado de retiro Estado de pérdida Restricciones de uso No para préstamo Código de colección Localización permanente Ubicación/localización actual Ubicación en estantería Fecha de adquisición Número de inventario Total de préstamos Signatura topográfica completa Código de barras Fecha visto por última vez Precio válido a partir de Tipo de ítem Koha
      Excluido de préstamo Monografías: Libros y Folletos General General En catalogación 14.09.2011 LF1   33955-10 25.06.2020 25.06.2020 No se presta

Con tecnología Koha